1428 1638 1969 1986 1244 1120 1664 1996 1507 1743 1372 1309 1819 1311 1690 1905 1487 1895 1516 1253 1704 1851 1238 1463 1348 1592 1520 1756 1514 1067 1466 1322 1514 1410 1097 1790 1035 1169 1487 1019 1838 1554 1513 1697 1376 1231 1737 1797 1771 1281 1869 1670 1712 1178 1471 1033 1810 1666 1898 1350 1127 1116 1136 1115 1119 1775 1467 1892 1283 1378 1269 1063 1999 1402 1092 1170 1335 1084 1200 1378 1597 1307 1598 1243 1269 1636 1032 1617 1428 1928 1772 1741 1384 1578 1025 1904 1108 1687 1409 BCNSPRNW ULIB Ver.6.0+V

เปลี่ยนเป็นภาษาไทย

Change to English
 แสดงรายละเอียดบรรณานุกรม
  กลับหน้าหลัก

Brief Record : Get Marc (ISO 2709) : E-mail record : QR code < ปิดหน้าต่าง
LEADER : 00000nam 2200000uu 4500
001    13399122453
003     ULIB
008    121121s2550||||th 000 0 tha d
020    ^a978974
090    ^aนว.^bก173ซ
100    ^aกัลฐิดา
245    เซวีน่า มหานครแห่งมนตรา/^cกัลฐิดา
250    ^aพิมพ์ครั้งที่ 4
260    ^aนนทบุรี :^bสถาพรบุ๊คส์,^c2550
300    ^a286 หน้า
710 1  ^aสถาพรบุ๊คส์
945    ^p195^l0^i19949
995    ^aทศพร
999    ^aใช้งานได้ทุกระบบ
รายการนี้ยังไม่มีแท็ก
คุณยังไม่ได้ล็อกอิน คุณสามารถมีกิจกรรมร่วมกับเว็บไซต์ได้ แต่ต้องล็อกอินก่อน ::
  ล็อกอิน

รายการสื่อสารสนเทศ

ลำดับที่ ประเภท เลขเรียก/บาร์โค้ด สถานที่ สถานะ
1. นวนิยาย
นวนิยาย
นว. ก173ซ  
  Barcode: 19949
ห้องสมุดวิทยาเขตสวรรค์ประชารักษ์
►นวนิยาย
บนชั้น
  ขอยืม

รายการใกล้เคียง
    ผู้แต่ง [กัลฐิดา]

BibComment


ยังไม่เคยถูกคอมเมนท์

คอมเมนท์ทรัพยากรรายการนี้
  คอมเมนท์: เซวีน่า มหานครแห่..


 Copyright 2026. Bcnsprnw @Library